| 000 | 00838nam a2200205Ia 4500 | ||
|---|---|---|---|
| 003 | IN-BaIIA | ||
| 008 | 211028s9999 xx 000 0 eng d | ||
| 020 | _a0-7923-1825-0 | ||
| 040 | _cIIA Library | ||
| 080 |
_a082.2:52 _bIAU-S150 |
||
| 111 |
_aSymposium of the International Astronomical Union _cBrazil _d1991 Aug. 5-9 _917651 |
||
| 245 | 0 |
_aAstrochemistry of cosmic phenomena _bproceedings of the 150th symposium of the International Astronomical Union, held at Campos do Jordao, Sao Paulo, Brazil, August 5-9, 1991 _cedited by P. D. Singh |
|
| 260 |
_aDordrecht _bKluwer Academic _c1992 |
||
| 300 | _axxvi, 509p. | ||
| 490 | _aIAU Symposium; no. 150 | ||
| 650 |
_aAstrochemistry _917873 |
||
| 650 | _aAstronomy and Astrophysics Thesaurus | ||
| 700 |
_aSingh, P. D ed. _917874 |
||
| 942 | _cBK | ||
| 999 |
_c10512 _d10512 |
||